Les gaietés romaines / (Record no. 22568)

MARC details
000 -LEADER
fixed length control field 00722cam a22002291a 4500
001 - CONTROL NUMBER
control field f 01001363
003 - CONTROL NUMBER IDENTIFIER
control field DLC
005 - DATE AND TIME OF LATEST TRANSACTION
control field 20260227111240.0
008 - FIXED-LENGTH DATA ELEMENTS--GENERAL INFORMATION
fixed length control field 810918s1870 fr 000 0 fre
010 ## - LIBRARY OF CONGRESS CONTROL NUMBER
LC control number f 01001363
035 ## - SYSTEM CONTROL NUMBER
System control number (OCoLC)7771256
040 ## - CATALOGING SOURCE
Original cataloging agency DLC
Transcribing agency NcWsW
Modifying agency NcWsW
-- DLC
042 ## - AUTHENTICATION CODE
Authentication code premarc
050 00 - LIBRARY OF CONGRESS CALL NUMBER
Classification number PQ2315
Item number .G2 1870
100 1# - MAIN ENTRY--PERSONAL NAME
Personal name Karr, Alphonse,
Dates associated with a name 1808-1890.
245 14 - TITLE STATEMENT
Title Les gaietés romaines /
Statement of responsibility, etc. par Alphonse Karr.
260 ## - PUBLICATION, DISTRIBUTION, ETC.
Place of publication, distribution, etc. Paris :
Name of publisher, distributor, etc. M. Lévy frères,
Date of publication, distribution, etc. 1870.
300 ## - PHYSICAL DESCRIPTION
Extent 307, [1] p. ;
Dimensions 19 cm.
505 0# - FORMATTED CONTENTS NOTE
Formatted contents note Sur les conciles.-- Défense des évéques.-- Le rouge et les rouges.-- Dialogue des morts.-- De l'égalité.
650 #0 - SUBJECT ADDED ENTRY--TOPICAL TERM
Topical term or geographic name entry element Councils and synods.
610 20 - SUBJECT ADDED ENTRY--CORPORATE NAME
Corporate name or jurisdiction name as entry element Catholic Church.

No items available.

Powered by Koha